Vyšetrovanie vlastností pohonov disketových jednotiek počítačov : Dipl.práca

Saved in:
Bibliographic Details
Main Author: Soóky, Szilárd (Author)
Other Authors: Klug, Ľudovít, 1935- (Thesis advisor)
Format: Manuscript Book
Language:Slovak
Published: Bratislava : STU v Bratislave FEI, 1998
Subjects:
Tags: Add Tag
No Tags, Be the first to tag this record!

MARC

LEADER 00000ntm a22000003a 4500
001 stu49868
005 20160719164924.5
008 990602s1998------------------------slo-d
040 |a STU  |b slo 
041 0 |a slo 
100 1 |a Soóky, Szilárd  |4 aut 
245 1 |a Vyšetrovanie vlastností pohonov disketových jednotiek počítačov :  |b Dipl.práca 
260 |a Bratislava :  |b STU v Bratislave FEI,  |c 1998 
300 |a 69 s 
650 7 |a Elektroenergetika  |2 stusub 
650 7 |a silnoprúdová elektrotechnika  |2 stusub 
700 1 |a Klug, Ľudovít,  |d 1935-  |4 ths  |u E120  |U FEI Fakulta elektrotechniky a informatiky  |T FEI Katedra elektrických strojov a prístrojov  |X 3568  |U E120  |Y 58  |7 A000003568